ရႃႇၸဝၢင်ႇမိူင်းဢုင်းပွင်ႇ။ (Record no. 24616)

000 -LEADER
fixed length control field 01198nam a22002177a 4500
003 - CONTROL NUMBER IDENTIFIER
control field OSt
005 - DATE AND TIME OF LATEST TRANSACTION
control field 20260128093800.0
008 - FIXED-LENGTH DATA ELEMENTS--GENERAL INFORMATION
fixed length control field 230521b ||||| |||| 00| 0 eng d
040 ## - CATALOGING SOURCE
Original cataloging agency SSBUL
Transcribing agency SSBUL
041 ## - LANGUAGE CODE
Language code of text/sound track or separate title Shan
082 ## - DEWEY DECIMAL CLASSIFICATION NUMBER
Classification number 959.116
245 ## - TITLE STATEMENT
Title ရႃႇၸဝၢင်ႇမိူင်းဢုင်းပွင်ႇ။
Statement of responsibility, etc. မျူဝ်ႉဝုၼ်းလွႆလူင် လုင်းဢူးမူး ၵဵပ်းႁွမ်၊ ၶုၼ်ယုင်းၶဵဝ် ၶိုၼ်းမေး၊ ၸၢႆးၸွမ်ဝၼ်း (တူင်ႇလၢဝ်း) ၸဝ်ႈၶွင်-
260 ## - PUBLICATION, DISTRIBUTION, ETC.
Place of publication, distribution, etc. ယၼ်ႇၵုင်ႇ
Name of publisher, distributor, etc. မွၵ်ႇၵူႇသွႆႈလႅင်
Date of publication, distribution, etc. 2013
300 ## - PHYSICAL DESCRIPTION
Extent 64 ၼႃႈ
Dimensions 21 ၸိၼ်ႇထီႇ
500 ## - GENERAL NOTE
General note ပပ်ႉၸဝ်ႈတႃႇၼႁင်းၶေႃၵေႃႈပႃးပပ်ႉၼိုင်ႈ (2432)၊ တွၵ်ႉတိူဝ်ႇၸၢႆးဢွင်ႇထုၼ်း
General note S-SAT: Dr. Prof Sai Aung Tun
650 ## - SUBJECT ADDED ENTRY--TOPICAL TERM
Topical term or geographic name entry element ပိုၼ်းဝဵင်းသီႇပေႃႉ (ဢုင်းပွင်ႇ)
942 ## - ADDED ENTRY ELEMENTS (KOHA)
Koha item type Books (Long term)
650 ## - SUBJECT ADDED ENTRY--TOPICAL TERM
9 (RLIN) 24194
Source of classification or shelving scheme
Source of classification or shelving scheme
Holdings
Withdrawn status Lost status Source of classification or shelving scheme Damaged status Not for loan Collection Code Permanent Location Current Location Shelving location Date acquired Total Checkouts Full call number Barcode Date last seen Date last checked out Copy number Price effective from Koha item type Accession
          Tai Collection Shan State Buddhist University Library Shan State Buddhist University Library Tai Shelves 21/05/2023 1 959.116 ရႃႇ ႑႗႐႔ SH00001704 09/10/2025 18/09/2025 1 21/05/2023 Books (Long term) ႑႗႐႔
          Special Collections Shan State Buddhist University Library Shan State Buddhist University Library Special Collection Shelves 21/05/2023   959.116 ရႃႇ ႒႔႓႒ S-SAT SH00002432 21/05/2023   2 21/05/2023 Book (Short term) ႒႔႓႒ S-SAT

Library - 09407999929
Admin Office - 09407999979
Dean Office - 09250910768
Registrar Office - 09892297154
Email - [email protected]
Shan State Buddhist University, Phaya Phyu Taunggyi, Shan State, Myanmar.